| 000 | 02948nam a2200313 i 4500 | ||
|---|---|---|---|
| 003 | DO-SdBNP | ||
| 005 | 20250917125807.0 | ||
| 007 | ta | ||
| 008 | 240213s2023 dr co 000 j spa d | ||
| 020 | _a9789945643817 | ||
| 040 |
_aDO-SdBNP _bspa _cBNPHU _erda |
||
| 082 |
_bT822j _222 |
||
| 110 | 1 |
_aRepública Dominicana. _982598 _bTribunal Constitucional. |
|
| 245 | 1 | 0 |
_aJuezas de las altas cortes : _bde la República Dominicana, sus historias / _ccomisión Alba Luisa Beard Marcos, Manuel Ulises Bonnelly Vega, María del Carmen Santana de Cabrera, José Alejandro Vargas Guerrero, Eunisis Vásquez Acosta |
| 264 | 1 |
_aSanto Domingo : _bTribunal Constitucional, _c2023. |
|
| 300 |
_a129 páginas, _bretratos, fotografías _c29 cm. |
||
| 336 |
_2rdacontent _atexto _btxt |
||
| 337 |
_2rdamedia _asin mediación _bn |
||
| 338 |
_2rdacarrier _avolumen _bnc |
||
| 505 | 0 |
_tPalabras de presentación del magistrado presidente Dr. Milton Ray Guevara -- _tIntroducción mag. Alba Luisa Beard Marcos -- _tGalería juezas de las altas cortes y procuradoras generales -- _tJuezas de las altas cortes y procuradoras generales de la República Dominicana -- _gJueza de la Corte Penal Internacional, con sede en la Haya, Países Bajos -- _tOlga Venecia Herrera Carbuccia -- _tJueza de la Corte Interamericana de Derecho Humanos de la Organización de los Estados Americanos (OEA) -- _tRhadys Abreu de Polanco -- _gJuezas de la Junta Central Electoral (JCE) -- _tOlga Altagracia Seijas Herrero (†) -- _tAura Celeste Fernández Rodríguez -- _tAna Teresa Pérez Báez -- _gJuezas de la Suprema Corte de Justicia (SCJ) -- _tMargarita A. Tavares (†) -- _tAna Rosa Bergés Dreyfous (†) -- _tEnilda Reyes Pérez -- _tEglys Margarita Esmurdoc -- _tDulce María Rodríguez Blanco -- _tMartha Olga García Santamaría (†) -- _tSara Henríquez Marín -- _tEsther Elisa Agelán Casanovas -- _tPilar Jiménez Ortíz -- _tNancy I. Salcedo Fernández -- _tVanessa Elizabeth Acosta Peralta -- _tMaría Garabito Ramírez -- _gJuezas del Tribunal Constitucional (TC) -- _tLeyda Margarita Piña Medrano -- _tKatia Miguelina Jiménez Martínez -- _tAna Isabel Bonilla Hernández -- _tAlba Luisa Beard Marcos -- _tEunisis Vásquez Acosta -- _tMaría del Carmen Santana de Cabrera -- _gJuezas del Tribunal Superior Electoral (TSE) -- _tMabel Ybelca Féliz Báez -- _tRafaelina Peralta Arias -- _tCristian Perdomo Hernández -- _tRosa Pérez de García -- _tHermenegilda del Rosario Fondeur Ramírez -- _gProcuradoras Generales de la República Dominicana -- _tPura Luz Núñez -- _tCarmen Semíramis Olivo de Pichardo -- _tMíriam Germán Brito / |
|
| 590 | _aInventariado, 2024/ YL | ||
| 700 | 1 |
_aBeard Marcos, Alba Luisa _ecomisión _984886 |
|
| 700 | 1 |
_aBonnelly Vega, Manuel Ulises _984887 |
|
| 700 | 1 |
_aSantana de Cabrera, María del Carmen _984888 |
|
| 700 | 1 |
_aVargas Guerrero, José alejandro _984889 |
|
| 700 | 1 |
_aVásquez Acosta, Eunisis _984890 |
|
| 910 | _aYLockward | ||
| 942 |
_2ddc _cLBS1 |
||
| 999 |
_c55937 _d55937 |
||